000 00369nam a22001697a 4500
003 UA-OsUOA
001 1290
007 ta
008 20050721b un ||||| |||| 00| 0 ukr d
100 _aSeroussi
700 _aRonald
942 _cBK
040 _aUA-OsUOA
_cUA-OsUOA
_dUA-OsUOA
245 _aCles des Relations Internationales
_bFrench
955 _a2
650 7 _2UDC
999 _c287452
_d287452